000 005910000a22002050004500
003 LK-CoMWRAF
005 20240106141528.0
008 230817t2001 ||||| |||| 00| 0 eng d
020 _a9558095036
040 _aLK-CoMWRAF
_dLK-CoMWRAF
_eLK-CoMWRAF
041 _aeng
082 _a915.493
_bHAR
100 _aHarris, Paul
245 _a Fractured paradise :
_bimages of Sri Lanka
260 _aColombo;
_bVijitha Yapa,
_c2001
300 _a 107 p. : color ill. ; 26 cm
650 _aSri Lanka- Pictorial works
650 _aSubversive activities- Sri Lanka -Pictorial works
942 _cBK
999 _c876
_d876